000
00342nam a2200133Ia 4500
008
240624s9999 xx 000 0 und d
041
_a
eng
082
_a
332.6 WES
100
_a
WEST SCOTT
245
_a
STORYSELLING FOR FINANCIAL ADVISORS HOW
260
_c
2000
_a
New York
_b
Kaplan Publishing
300
_a
246 : p. : cm. ; 22
365
_c
RS
999
_c
28456
_d
28456